Welcome to the Holygrace Academy Library

Please use search bar below to get started

THE MONK WHO SOLD HIS FERRARI (Record no. 5354)

MARC details
000 -LEADER
fixed length control field 00306nam a22001337a 4500
020 ## - INTERNATIONAL STANDARD BOOK NUMBER
ISBN 81-7992-162
082 ## - DEWEY DECIMAL CLASSIFICATION NUMBER
Classification number 100
Item number SHA/M
100 ## - MAIN ENTRY--AUTHOR NAME
Personal name SHARMA,ROBIN
245 ## - TITLE STATEMENT
Title THE MONK WHO SOLD HIS FERRARI
260 ## - PUBLICATION, DISTRIBUTION, ETC. (IMPRINT)
Place of publication INDIA
Name of publisher JAICO BOOKS
300 ## - PHYSICAL DESCRIPTION
Number of Pages 197
650 ## - SUBJECT ADDED ENTRY--TOPICAL TERM
Topical Term PERSONALITY DEVELOPMENT
Geographic subdivision INDIA
942 ## - ADDED ENTRY ELEMENTS (KOHA)
Koha item type Books
Holdings
Withdrawn status Lost status Collection code Home library Current library Shelving location Date acquired Source of acquisition Full call number Accession Number Koha item type
    Reference Main Library Main Library SHELF-17H-PERSONALITY DEVELOPMENT BOOKS 05/05/2015 PURCHASE 100 SHA/M 05323 Books